000 01197naa a22002897a 4500
001 BR9401163
003 BR-BrBNA
005 20240918180915.0
007 ta
008 230509b bl.||||| |||| 00| 0 por d
040 _aBR-BrBNA
_bpor
_cBiblioteca Nacional de Agricultura
041 _a(Pt)
072 _aU10; P40
090 _aU10 BR9401163
100 1 _aRobaina, A.D.
100 1 _aPeiter, M.X.
111 1 _a21. Congresso Brasileiro de Engenharia Agricola1. Simposio de Engenharia Agricola do Cone Sul
_cSanta Maria, RS (Brazil)
_d27-31 Jul 1992
245 1 _aModelo de desagregacao e de geracao de chuvas intensas no RS
260 3 _aSanta Maria, RS (Brasil):
_c1992.
500 _a21. Congresso Brasileiro de Engenharia Agricola e 1. Simposio de Engenharia Agricola do Cone Sul Santa Maria, RS (Brasil): 1992. v. 2A p. 746-753 (BR9401163-AM)U10
650 _aChuva
650 _aPrecipitacao Pluvial
650 _aModelo Matematico
773 0 _t21. Congresso Brasileiro de Engenharia Agricola e 1. Simposio de Engenharia Agricola do Cone Sul
_wU10 BR9401163
_gSanta Maria, RS (Brasil), 1992. v. 2A p. 746-753
909 _a202404
_bLucia
_c55
_dLucia Elande
942 _cAM
_2AGRIS
999 _c322598
_d322598